Quizzes
Events
Quiz Creation
Community
Videos
Private Events
Remove Ads
Sign In
Join for FREE
Feedback
Dark Mode
Quiz Categories
Sports
Geography
Music
Movies
Television
Just For Fun
Miscellaneous
History
Literature
Language
Science
Gaming
Entertainment
Religion
Holiday
For Kids
Quiz Lab
Recent
Popular Today
Quiz Kudos Today
Editor Picks
Curator Picks
Quizzes by...
Day
Popularity
Type
Ratings
Length
Year
Community
Subscriptions
Recent Discussions
Orange Saloon
Badges
Playlists
Quests
Create
Leaderboards
Showdown
Live 5
Trivia Bingo
Activity
Puzzle Library
Sporcle Events
Private Events
Virtual Trivia
Globe League
Become a Host
Pub Owners
SporcleCon
Opinionation
Our Games
Videos
Blog
Mobile Apps
Partnerships
Remove Ads and Go Orange
Feedback
Miscellaneous
Crossword
General Knowledge
Baby Names
Logo
Food
Cars
Numbers
Grab Bag
University
College
Popular
Company
Slogans
Restaurants
Justice
Letter
Miscellaneous
Crossword
General Knowledge
Baby Names
Logo
Food
Cars
Numbers
Grab Bag
University
College
Popular
Company
Slogans
Restaurants
Justice
Letter
Random Quiz
Search Sporcle
×
Quiz Lab
Quiz Lab
Miscellaneous
Currency
Type in answers that appear in a list
Type in answers that appear in a list
Classic
Best Score? Go Orange.
Name Currency from Abbreviation Stats
Can you name the Name Currency from Abbreviation?
By
mineman16
3m
33 Questions
120 Plays
120 Plays
120 Plays
Comments
Comments
Give Quiz Kudos
Give Quiz Kudos
-
- Ratings
hide this ad
Random Order
Randomize order of answers
Randomize order of answers
Replay
Link that replays current quiz
Next Quiz
Link to next quiz in quiz playlist
You Got
0%
They Got
Avg Score
62%
Avg Friend Score
Upgrade to see
Score Distribution
Jump to the score distribution portion of the page
Score
0/33
Timer
03:00
0
Plays Today
Currency Code
% Correct
AUD
Australian Dollar
89.2%
NZD
New Zealand Dollar
85.8%
USD
United States Dollar
85%
CAD
Canadian Dollar
85%
SGD
Singapore Dollar
81.7%
EUR
Euro
80.8%
JPY
Japanese Yen
80%
GBP
Great British Pound
77.5%
EGP
Egyptian Pound
76.7%
BBD
Barbados Dollar
75%
JMD
Jamacian Dollar
73.3%
ZWD
Zimbabwe Dollar
72.5%
XCD
East Caribbean Dollar
71.7%
BSD
Bahamian Dollar
71.7%
BMD
Bermuda Dollar
70%
INR
Indian Rupee
68.3%
DZD
Algerian Dollar
65.8%
Currency Code
% Correct
MXN
Mexican Peso
60%
PKR
Pakistan Rupee
60%
ARS
Argentine Peso
57.5%
RUB
Russian Ruble
56.7%
COP
Colombian Peso
55.8%
CLP
Chilean Peso
54.2%
CUP
Cuban Peso
54.2%
CHF
Swizz Franc
51.7%
RWF
Rwanda Franc
51.7%
NPR
Nepalese Rupee
50.8%
DKK
Danish Krone
48.3%
SEK
Swedish Krona
46.7%
BRL
Brazilian Real
40%
ZAR
South African Rand
39.2%
PLN
Zloty
22.5%
CRC
Costa Rican Colon
15.8%
Quiz Playlist
Details
Report
Send in Message
Add To Playlist
Classic:
Type in answers that appear in a list
Random Order:
Randomize order of answers
Last Updated: Feb 16, 2017
Quiz Scoreboard
CHALLENGE
Sign Up to Join the Scoreboard
Show All
Scores
Hide
Comments
May contain spoilers
Recently Published
College Basketball Coaching Resumes
by pancakes188
Sports
9m
Billboard Blitz: Fleetwood Mac
by CooCooCachoo
Music
15s
Presidents Visiting Landmarks
by Hejman
History
7m
More to Explore
Quiz From the Vault
Featured Blog Post
Where Did the Easter Bunny Come From?
hide this ad
You Might Also Like...
Tags
Abbreviation
Currency
Today's Top Quizzes in Miscellaneous
Browse Miscellaneous
hide this ad
Today's Top Quizzes in Currency
Browse Currency
Top Contributed Quizzes in Miscellaneous
1
5-to-1: Fast Food
2
The JOE quick-fire general knowledge quiz: Day 174
3
The JOE quick-fire general knowledge quiz: Day 173
4
5-to-1: Cocktails
5
The JOE quick-fire general knowledge quiz: Day 172
6
Sunday Crossword: Famous Bodies of Water
7
The JOE quick-fire general knowledge quiz: Day 171
8
One Thing in Common: United Kingdom II
9
Named After an Animal - Odd One Out!
10
The JOE quick-fire quiz: Day 170
Explore More
Trending Topics
Anime
Kpop
Harry Potter
Marvel
Crossword
Disney
NBA
Song
Puzzle
Pokémon
Country
NFL
The Office
WWE
Soccer
hide this ad
More By:
mineman16
Quiz
Plays
Rating
Category
Featured
Created
Name Currency from Abbreviation
120
4.00
Miscellaneous
Aug 3, 2010
Go to Creator's Profile
Score Distribution
Quiz Creator Spotlight
mineman16
Follow
Send a Message
Quizzes Created
-
Created Quiz Play Count
-
More By This Creator
Popular Quizzes Today
1
Find the US States - No Outlines Minefield
2
Find the Countries of Europe - No Outlines Minefield
3
The Countries of the World
4
Find the US States
5
Risky Map Clicking: Biggest States A-Z
6
US States
7
Popular People in 1961
8
Movies - When Are They Set?
More Miscellaneous Quizzes
Connections Quiz
Editor's Pick
Trending Quizzes
Risky Map Clicking: Least Populous States A-Z
1-10 Letter G Words
1-10 Letter F Words
Risky Map Clicking: Next State Alphabetically
Risky Map Clicking: Biggest States A-Z
Recently Updated
Leaping Animals
pecheneg
Reality TV Shows (A-Z)
bhenderson79
Rickey Henderson's Hall of Fame Teammates
pecheneg
Champions League XIs: Arsenal
pecheneg
Quick Pick: Celebrities in WWE's Hall of Fame
aduchscher
A-Z Keypad Blitz II
pecheneg
Multiple Oscar Actors
pecheneg
Mystery Phrase Blitz: Oscar 'Best Actors'
pecheneg
F. Scott Fitzgerald Novels
LTH
Pick 3 Villains
ddd62291
Trending Topics
Disney
Anime
Marvel
Harry Potter
Kpop
Crossword
NBA
Puzzle
Pokémon
Country
WWE
Soccer
The Office
Song
NFL
Your Account Isn't Verified!
In order to create a playlist on Sporcle, you need to verify the email address you used during registration. Go to your
Sporcle Settings
to finish the process.
Report this User
Report this user for behavior that violates our
Community Guidelines
.
Details:
Send Report
Go to the Sporcle.com Mobile Site →
Comments